Normal view
MARC view
- Balle, Francis
Entry Nombre Personal
001 - NUMERO DE CONTROL
- campo de control: 47565
003 - IDENTIFICADOR DE NUMERO DE CONTROL
- campo de control: DLC
005 - FECHA Y HORA DE LA ÜLTIMA TRANSACCIÓN
- campo de control: 20221208131001.0
008 - DATOS DE LONGITUD FIJA
- campo de control de longitud fija: 800709n| azannaaba |n aaa
010 ## - NÚMERO DE CONTROL DE LA BIBLIOTECA DEL CONGRESO
- Número de control LC: n 50017241
040 ## - FUENTE DE CATALOGACIÓN
- Agencia original de catalogación: DLC
- Lenguaje de catalogación: spa
- Description conventions: rda
- Agencia de transcripción: DLC
- Agencia que lo modifica: Uk
- Agencia que lo modifica: DLC
- Agencia que lo modifica: MX-MxUPN
100 1# - ENCABEZAMIENTO - NOMBRE PERSONAL
- Nombre personal: Balle, Francis
670 ## - FUENTE EN LA QUE SE LOCALIZARON DATOS
- Cita de la fuente: Los nuevos medio de comunicación masiva, 1989:
- Información localizada: portada (Francis Balle)
902 ## - CATALOGADOR
- Catalogador: Víctor Ruiz/081222
